IDEA pro audit - audit s IDEOU Prostředky počítačového auditu

Problémy audítora v prípade spracovania dát na počítači, tak na počítačoch účtovnej jednotky, ako aj na PC audítora. Tri skupiny nástrojov bežne využívaných audítormi vyspelých krajín: 1. programy pre textové a dátové spracovanie, tabuľkové procesory a databázové programy, 2. znalostné systémy a 3....

ver descrição completa

Na minha lista:
Detalhes bibliográficos
Autor principal: Jiroudek, J.
Outros Autores: Králíček, Vladimír
Formato: Capítulo de Livro
Idioma:tcheco
Assuntos:
Tags: Adicionar Tag
Sem tags, seja o primeiro a adicionar uma tag!

MARC

LEADER 00000naa a2200000 4500
001 r024271
005 20220504111004.0
041 0 |a cze 
044 |a CZ 
245 1 0 |a IDEA pro audit - audit s IDEOU  |b Prostředky počítačového auditu  |c J. Jiroudek, V. Králíček 
520 |a Problémy audítora v prípade spracovania dát na počítači, tak na počítačoch účtovnej jednotky, ako aj na PC audítora. Tri skupiny nástrojov bežne využívaných audítormi vyspelých krajín: 1. programy pre textové a dátové spracovanie, tabuľkové procesory a databázové programy, 2. znalostné systémy a 3. špecializované softwarové balíky, napr. systém ACL (Audit Command Language) alebo IDEA - Interactive Data Extraction and Analysis. Čo je IDEA, štruktúra programu. Kedy program použiť, v ktorej oblasti a s akými cieľmi. 
610 2 0 |a audítorstvo 
610 2 0 |a spracovanie dát 
610 2 0 |a počítače osobné 
610 2 0 |a softvér 
610 2 0 |a procesory 
610 2 0 |a systémy databázové 
610 2 0 |a IDEA 
100 1 |a Jiroudek, J. 
700 1 |a Králíček, Vladimír